Score 0/21 Timer 05:00
0 Plays Today
% Correct
Easter Island, Chile
93.8%
St. Mark's Basilica, Venice
90.6%
St. John's, Antigua and Barbuda
90.2%
Sault Ste. Marie, Canada
87.5%
Santa Clara, CA, USA
87.5%
Whitsunday Islands, Australia
86.6%
St. Lucia
85.7%
Christchurch, NZ
85.7%
Sangre de Cristo Mountains, USA
83%
São Paulo, Brazil
78.1%
San Francisco, CA, USA
76.3%
% Correct
El Salvador
74.1%
Notre-Dame de Paris, France
73.7%
Natal, Brazil
67.9%
Providence, RI, USA
67.4%
Sacramento, CA, USA
55.4%
The Dominican Republic
53.1%
Loyola University
51.8%
Santorini, Greece
45.1%
Trinidad and Tobago
44.6%
Los Angeles, CA, USA
33%
Remove Ads.
Support Sporcle.
Get the best of Sporcle when you Go Orange. This ad-free experience offers more features, more stats, and more fun while also helping to support Sporcle. Thank you for becoming a member.

You're not logged in!

Compare scores with friends on all Sporcle quizzes.
OR
Log In

Sporcle TV

Today on Sporcle TV


Watch our educational content, quiz creation guides, and fun videos on Sporcle TV.

Show Comments

Extras

Top Quizzes Today


Score Distribution

Paid Content

Your Account Isn't Verified!

In order to create a playlist on Sporcle, you need to verify the email address you used during registration. Go to your Sporcle Settings to finish the process.

Report this User

Report this user for behavior that violates our Community Guidelines.

Details: